[Event "Titled Tuesday intern op 23rd Apr Early"]
[Site "Chess.com INT"]
[Date "2024.04.23"]
[Round "7"]
[White "Slovineanu, Viacheslav"]
[Black "Truskavetsky, Alexandr"]
[Result "0-1"]
[WhiteElo "2412"]
[BlackElo "2327"]
[PlyCount "104"]
[EventDate "2024.04.23"]
[EventType "swiss (blitz)"]
[EventRounds "11"]
[EventCountry "USA"]
[SourceTitle "EXT 2025"]
[Source "ChessBase"]
[SourceDate "2024.10.14"]
[SourceVersion "1"]
[SourceVersionDate "2024.10.14"]
[SourceQuality "1"]

1. d4 Nf6 2. Nf3 g6 3. Nbd2 Bg7 4. e4 d6 5. Bb5+ c6 6. Bd3 0-0 7. 0-0 Nbd7 8. Re1 e5 9. dxe5 dxe5 10. a4 Qc7 11. b3 Rd8 12. Qe2 Nc5 13. Bc4 Nh5 14. g3 Ne6 15. Bxe6 Bxe6 16. Bb2 Rab8 17. Nc4 f6 18. Red1 Bf8 19. a5 b5 20. axb6 axb6 21. Bc3 Ng7 22. Bd2 Rd7 23. Be3 b5 24. Rxd7 Bxd7 25. Ncd2 Bg4 26. Kg2 Qd7 27. Ra7 Rb7 28. Rxb7 Qxb7 29. h3 Be6 30. Qd3 Ne8 31. c3 Qd7 32. Qxd7 Bxd7 33. b4 Be6 34. h4 Kf7 35. Ne1 h5 36. Nd3 Nc7 37. Bc5 Bh6 38. f4 exf4 39. gxf4 Ba2 40. Kf3 Ne6 41. Bd6 g5 42. hxg5 fxg5 43. f5 g4+ 44. Kg3 Bxd2 45. Ne5+ Kf6 46. Nd7+ Kg5 47. fxe6 h4+ 48. Kg2 Bxe6 49. Be7+ Kf4 50. Nc5 h3+ 51. Kh2 g3+ 52. Kg1 Be3+ 0-1

[Event "Titled Tuesday intern op 19th Mar Late"]
[Site "Chess.com INT"]
[Date "2024.03.19"]
[Round "3"]
[White "Jegorovas, Aleksandras"]
[Black "Truskavetsky, Alexandr"]
[Result "0-1"]
[WhiteElo "2270"]
[BlackElo "2348"]
[PlyCount "76"]
[EventDate "2024.03.19"]
[EventType "swiss (blitz)"]
[EventRounds "11"]
[EventCountry "USA"]
[SourceTitle "EXT 2025"]
[Source "ChessBase"]
[SourceDate "2024.10.14"]
[SourceVersion "1"]
[SourceVersionDate "2024.10.14"]
[SourceQuality "1"]

1. e4 c5 2. Nc3 Nc6 3. Bb5 g6 4. Bxc6 dxc6 5. d3 Bg7 6. f4 c4 7. Nf3 cxd3 8. cxd3 Nf6 9. 0-0 0-0 10. Be3 Ng4 11. Qe2 Nxe3 12. Qxe3 b6 13. Rad1 Qc7 14. d4 Rd8 15. e5 Ba6 16. Rfe1 Rac8 17. d5 cxd5 18. Nxd5 Qb7 19. Nc3 Bf8 20. e6 f6 21. f5 g5 22. Ne4 h6 23. Nxf6+ exf6 24. Rxd8 Rxd8 25. e7 Bxe7 26. Qxe7 Qxe7 27. Rxe7 Rd1+ 28. Kf2 Rb1 29. Rxa7 Rxb2+ 30. Ke3 Rxa2 31. Nd4 Bc4 32. Rb7 b5 33. Ne6 Re2+ 34. Kf3 Bd5+ 35. Kxe2 Bxb7 36. g3 Bd5 37. Nd4 Kf7 38. Nxb5 Bc4+ 0-1

[Event "Titled Tuesday intern op 19th Mar Early"]
[Site "Chess.com INT"]
[Date "2024.03.19"]
[Round "3"]
[White "Korobov, Anton"]
[Black "Truskavetsky, Alexandr"]
[Result "1-0"]
[WhiteElo "2662"]
[BlackElo "2348"]
[PlyCount "125"]
[EventDate "2024.03.19"]
[EventType "swiss (blitz)"]
[EventRounds "11"]
[EventCountry "USA"]
[SourceTitle "EXT 2025"]
[Source "ChessBase"]
[SourceDate "2024.10.14"]
[SourceVersion "1"]
[SourceVersionDate "2024.10.14"]
[SourceQuality "1"]

1. d4 Nf6 2. c4 e6 3. Nf3 d5 4. Nc3 dxc4 5. e4 a6 6. e5 Nd5 7. Bxc4 Nxc3 8. bxc3 b5 9. Bd3 Bb7 10. Ng5 c5 11. Nxh7 Be7 12. Qg4 g6 13. Ng5 Rg8 14. 0-0 cxd4 15. cxd4 Nc6 16. Be4 Qb6 17. Be3 Bxg5 18. Qxg5 Qd8 19. Qf4 Qd7 20. d5 exd5 21. Rfd1 Ne7 22. Bc5 Rc8 23. Bd6 Rc4 24. Bxe7 Qxe7 25. e6 fxe6 26. Rac1 dxe4 27. Rxc4 bxc4 28. Qb8+ Kf7 29. Qf4+ Kg7 30. Qe5+ Kh7 31. h4 Bd5 32. Rxd5 c3 33. Rc5 Rd8 34. Rxc3 Rd1+ 35. Kh2 Qf7 36. Rc7 Rd7 37. Rxd7 Qxd7 38. Qxe4 Qd6+ 39. g3 a5 40. h5 Qc5 41. Qxg6+ Kh8 42. Qf6+ Kh7 43. h6 Qh5+ 44. Kg2 Qxh6 45. Qxh6+ Kxh6 46. Kf3 Kg5 47. Ke4 Kg4 48. Ke5 Kf3 49. Kxe6 Kxf2 50. g4 Ke3 51. g5 Kd3 52. g6 Kc3 53. g7 Kb2 54. g8Q Kxa2 55. Kd5 a4 56. Kc4 Kb2 57. Kb4 a3 58. Qb3+ Ka1 59. Qxa3+ Kb1 60. Qf3 Kb2 61. Qe2+ Ka1 62. Kb3 Kb1 63. Qd1# 1-0

[Event "Titled Tuesday intern op 19th Mar Late"]
[Site "Chess.com INT"]
[Date "2024.03.19"]
[Round "9"]
[White "Prieto Aranguren, Alain"]
[Black "Truskavetsky, Alexandr"]
[Result "0-1"]
[WhiteElo "2166"]
[BlackElo "2348"]
[PlyCount "98"]
[EventDate "2024.03.19"]
[EventType "swiss (blitz)"]
[EventRounds "11"]
[EventCountry "USA"]
[SourceTitle "EXT 2025"]
[Source "ChessBase"]
[SourceDate "2024.10.14"]
[SourceVersion "1"]
[SourceVersionDate "2024.10.14"]
[SourceQuality "1"]

1. e4 c5 2. Bc4 Nc6 3. d3 e6 4. Qf3 Nf6 5. Nc3 Be7 6. Nge2 0-0 7. Qg3 d5 8. Bb3 Kh8 9. 0-0 Rb8 10. exd5 exd5 11. Bg5 Be6 12. Nf4 h6 13. Bxf6 Bxf6 14. Nfxd5 Bxd5 15. Nxd5 Nd4 16. Nc3 b5 17. Rae1 c4 18. dxc4 bxc4 19. Bxc4 Rxb2 20. Ne4 Rxc2 21. Nxf6 Qxf6 22. Bd3 Rxa2 23. Qg4 Ra3 24. Qe4 g6 25. Re3 Ne6 26. Bc4 Ng5 27. Qb7 Rxe3 28. fxe3 Qe5 29. Qxa7 f5 30. Qd4 Re8 31. h4 Ne4 32. Bf7 Qxd4 33. exd4 Rd8 34. Bxg6 Rxd4 35. Rxf5 Ng3 36. Rf7 Rxh4 37. Kf2 Nh1+ 38. Kf3 Kg8 39. Ra7 Rb4 40. Ra1 Rb3+ 41. Kg4 Nf2+ 42. Kh5 Rb5+ 43. Kh4 Rg5 44. Bh5 Rxg2 45. Ra2 Rh2+ 46. Kg3 Rxh5 47. Rxf2 Kg7 48. Ra2 Rg5+ 49. Kh3 Rc5 0-1

[Event "Titled Tuesday intern op 19th Mar Late"]
[Site "Chess.com INT"]
[Date "2024.03.19"]
[Round "6"]
[White "Redzisz, Michal"]
[Black "Truskavetsky, Alexandr"]
[Result "0-1"]
[WhiteElo "2238"]
[BlackElo "2348"]
[PlyCount "76"]
[EventDate "2024.03.19"]
[EventType "swiss (blitz)"]
[EventRounds "11"]
[EventCountry "USA"]
[SourceTitle "EXT 2025"]
[Source "ChessBase"]
[SourceDate "2024.10.14"]
[SourceVersion "1"]
[SourceVersionDate "2024.10.14"]
[SourceQuality "1"]

1. d4 Nf6 2. c4 e6 3. g3 d5 4. Bg2 dxc4 5. Nf3 Nc6 6. 0-0 Rb8 7. e3 b5 8. b3 cxb3 9. Qxb3 a6 10. Nc3 Be7 11. Rd1 Na5 12. Qc2 Bb7 13. e4 0-0 14. e5 Nd5 15. Ne4 Nc4 16. Neg5 g6 17. Ne4 c5 18. dxc5 Qc7 19. Rxd5 Bxd5 20. Nf6+ Bxf6 21. exf6 Bxf3 22. Bxf3 Qe5 23. Rb1 Qxf6 24. Bg2 Rfd8 25. c6 Rbc8 26. Bf4 e5 27. Bc1 Rxc6 28. Bxc6 Qxc6 29. a4 Qd5 30. axb5 Qd1+ 31. Qxd1 Rxd1+ 32. Kg2 axb5 33. Ra1 b4 34. Kf3 b3 35. Ke2 Rd8 36. Rb1 b2 37. Be3 Rb8 38. Kf3 Na3 0-1

[Event "Titled Tuesday intern op 19th Mar Late"]
[Site "Chess.com INT"]
[Date "2024.03.19"]
[Round "1"]
[White "Rjabzev, Konstantin"]
[Black "Truskavetsky, Alexandr"]
[Result "0-1"]
[WhiteElo "2150"]
[BlackElo "2348"]
[PlyCount "74"]
[EventDate "2024.03.19"]
[EventType "swiss (blitz)"]
[EventRounds "11"]
[EventCountry "USA"]
[SourceTitle "EXT 2025"]
[Source "ChessBase"]
[SourceDate "2024.10.14"]
[SourceVersion "1"]
[SourceVersionDate "2024.10.14"]
[SourceQuality "1"]

1. e4 c5 2. b3 Nc6 3. Bb2 e6 4. Bb5 Nge7 5. f4 a6 6. Bxc6 Nxc6 7. Nf3 d5 8. e5 Be7 9. 0-0 0-0 10. Kh1 f6 11. d3 fxe5 12. fxe5 Bd7 13. Nbd2 Qc7 14. Qe2 b5 15. c4 d4 16. Rae1 Rf5 17. Bc1 Raf8 18. h3 Bc8 19. Qe4 Bb7 20. Qg4 Nb4 21. Ne4 Nxd3 22. Bh6 Bd8 23. Nf6+ Bxf6 24. exf6 R5xf6 25. Rxe6 Bc8 26. Rxf6 Bxg4 27. Rxf8+ Kxf8 28. hxg4 gxh6 29. Ne5+ Kg7 30. Nxd3 bxc4 31. bxc4 Qa5 32. Rf5 Qxa2 33. Nxc5 Qxc4 34. Kh2 d3 35. g5 d2 36. gxh6+ Kg6 37. Nd7 Kxf5 0-1

[Event "Titled Tuesday intern op 19th Mar Late"]
[Site "Chess.com INT"]
[Date "2024.03.19"]
[Round "11"]
[White "Truskavetsky, Alexandr"]
[Black "Maurizzi, Marc Andria"]
[Result "1-0"]
[WhiteElo "2348"]
[BlackElo "2602"]
[PlyCount "45"]
[EventDate "2024.03.19"]
[EventType "swiss (blitz)"]
[EventRounds "11"]
[EventCountry "USA"]
[SourceTitle "EXT 2025"]
[Source "ChessBase"]
[SourceDate "2024.10.14"]
[SourceVersion "1"]
[SourceVersionDate "2024.10.14"]
[SourceQuality "1"]

1. d4 Nf6 2. c4 g6 3. Nc3 Bg7 4. e4 d6 5. f4 0-0 6. Nf3 c5 7. d5 e6 8. Bd3 exd5 9. cxd5 b5 10. e5 Nfd7 11. Bxb5 dxe5 12. fxe5 Nxe5 13. 0-0 Bg4 14. Be2 Bxf3 15. Bxf3 Nbd7 16. Bf4 Rb8 17. Rb1 Rb4 18. Bg3 Re8 19. d6 Rd4 20. Qb3 c4 21. Qa3 Bf8 22. Bd5 Nf6 23. Qxa7 1-0

[Event "Titled Tuesday intern op 19th Mar Early"]
[Site "Chess.com INT"]
[Date "2024.03.19"]
[Round "7"]
[White "Truskavetsky, Alexandr"]
[Black "Mekhitarian, Krikor Sevag"]
[Result "0-1"]
[WhiteElo "2348"]
[BlackElo "2554"]
[PlyCount "104"]
[EventDate "2024.03.19"]
[EventType "swiss (blitz)"]
[EventRounds "11"]
[EventCountry "USA"]
[SourceTitle "EXT 2025"]
[Source "ChessBase"]
[SourceDate "2024.10.14"]
[SourceVersion "1"]
[SourceVersionDate "2024.10.14"]
[SourceQuality "1"]

1. d4 Nf6 2. c4 g6 3. Nc3 d5 4. cxd5 Nxd5 5. e4 Nxc3 6. bxc3 Bg7 7. Nf3 c5 8. Be2 0-0 9. 0-0 b6 10. Be3 Bb7 11. Qc2 Nd7 12. Rfd1 cxd4 13. cxd4 Rc8 14. Qd3 Nf6 15. Nd2 Qd7 16. h3 Rfd8 17. Rac1 Qa4 18. f3 Nh5 19. Nf1 Rxc1 20. Rxc1 Bxd4 21. Kh1 e5 22. Rc7 Bc8 23. Qc4 Qxc4 24. Bxc4 Ng3+ 25. Nxg3 Bxe3 26. Bxf7+ Kh8 27. Bd5 a5 28. Ne2 Ba6 29. Nc3 Rc8 30. Rxc8+ Bxc8 31. Nb5 Kg7 32. Nd6 Bd7 33. Nc4 Bd4 34. Kh2 a4 35. g3 b5 36. Nd6 Kf6 37. f4 Ke7 38. Nb7 exf4 39. gxf4 b4 40. Na5 Kd6 41. Kg3 Bb5 42. Nc4+ Kc5 43. Nd2 Bc3 44. Nb1 Be1+ 45. Kf3 Bd3 46. Bg8 Bxb1 47. e5 Bc3 48. Bxh7 Bxa2 49. Bxg6 Bd5+ 50. Ke3 a3 51. Bb1 b3 52. Ba2 bxa2 0-1

[Event "Titled Tuesday intern op 19th Mar Late"]
[Site "Chess.com INT"]
[Date "2024.03.19"]
[Round "4"]
[White "Truskavetsky, Alexandr"]
[Black "Pavlidou, Ekaterini"]
[Result "1-0"]
[WhiteElo "2348"]
[BlackElo "2201"]
[PlyCount "79"]
[EventDate "2024.03.19"]
[EventType "swiss (blitz)"]
[EventRounds "11"]
[EventCountry "USA"]
[SourceTitle "EXT 2025"]
[Source "ChessBase"]
[SourceDate "2024.10.14"]
[SourceVersion "1"]
[SourceVersionDate "2024.10.14"]
[SourceQuality "1"]

1. d4 Nf6 2. c4 e6 3. Nc3 Bb4 4. e3 0-0 5. a3 Bxc3+ 6. bxc3 c5 7. Bd3 b6 8. e4 Ne8 9. Ne2 Nc6 10. 0-0 Ba6 11. f4 Na5 12. Ng3 Bxc4 13. e5 Bxd3 14. Qxd3 c4 15. Qf3 Nb3 16. Rb1 f5 17. exf6 Nxf6 18. f5 Nxc1 19. Rbxc1 Nd5 20. Qe2 Qe7 21. fxe6 dxe6 22. Rfe1 Nf4 23. Qxc4 Qxa3 24. Ra1 Qd6 25. Re5 Rac8 26. Qb3 a5 27. Rae1 Rc6 28. Ne4 Qc7 29. g3 Nd3 30. Rxe6 Rxe6 31. Qxe6+ Qf7 32. Qxf7+ Rxf7 33. Re3 Nb2 34. Nd6 Rf8 35. Re2 Na4 36. c4 Rd8 37. Nb5 Rc8 38. d5 Rxc4 39. Re8+ Kf7 40. Nd6+ 1-0